01285cam a2200349Mi 4500003000900000005001700009008004100026020001500067020001800082035002000100040003300120082002000153100003000173245011000203264003300313300004300346336002100389337002500410338002300435490004000458504003900498504003300537505019600570526000900766526000900775526000800784526000800792526000800800526000800808650006000816650005900876PE-LiUPU20250731175627.0190312s2017 xxu rb 001 0 eng d a1628371897 a9781628371895 a(Sirsi) a251945 aPE-LiUPUbspacPE-LiUPUerda04a492.45bR472211 aReymond, Eric D.,eautor.10aIntermediate biblical Hebrew grammar :ba student's guide to phonology and morphology /cEric D. Reymond. 1aAtlanta :bSBL Press,c2017. axx, 333 páginas ;c23 centímetros. atext2rdacontent aunmediated2rdamedia avolume2rdacarrier1 aResources for biblical study ; v89 aBibliografía: páginas 289-298. aÍndice: páginas 299-333. aPhonology of ancient Hebrew: consonats -- phonology of ancient Hebrew: vowels -- morphology of ancient Hebrew: the noun -- morphology of ancient Hebrew: the verb -- charts of nouns and verbs. aP145 aP127 aP97 aP35 aP14 aP0707aHebrew languagexMorphology.2fast0(OCoLC)fst00954257.07aHebrew languagexPhonology.2fast0(OCoLC)fst00954274.